Name the Wings of Fire Dragon - SandWings - Statistics

General Stats
  • This quiz has been taken 13 times
  • The average score is 9 of 16
Answer Stats
Picture Answer % Correct
Dune
100%
Ostrich
100%
Queen Thorn / Thorn
100%
Blaze
71%
Burn
71%
Meerkat
71%
Six Claws
71%
Sunny
71%
Jerboa
57%
Onyx
43%
Smolder / Prince Smolder
43%
Sandstorm
29%
Viper
29%
Vulture
29%
Pronghorn
14%
Queen Oasis / Oasis
14%
No matching quizzes found
Score Distribution
Percent of People with Each Score
Percentile by Number Answered
Your Score History
You have not taken this quiz